000 00819cam a22002415a 4500
001 E153008
008 110523s2008 xxk f 000 0 eng d
020 _a9780860176800
035 _a(Sirsi) u153008
041 0 _aeng
050 0 4 _a627.4 $2 18
100 1 _aWilson, Steve
245 0 0 _aStructural design of modular geocellular drainage tanks
260 _aLondon
_bCIRIA
_c2008
300 _axiv, 94p.
_bill.
_c30cm.
490 0 _aCIRIA
_vC680
520 _aLooks at the various types of plastic geocellular tanks used as part of rainwater harvesting systems. Offers guidance on performance and design.
521 _aAdvanced
590 _aKA
651 4 _aUnited Kingdom
_y
690 _aBUILT ENVIRONMENT-BUILDING ELEMENTS-COMPLETE BUILDING SERVICES ELEMENTS-COMPLETE WATER SUPPLY SYSTEMS
942 _n0
999 _c112320
_d112320